| 000 | 00442nam a22001697a 4500 | ||
|---|---|---|---|
| 005 | 20180531154527.0 | ||
| 008 | 160630b xxu||||| |||| 00| 0 eng d | ||
| 020 | _a978-93-5014-090-1 | ||
| 041 | _aeng | ||
| 082 |
_b14465 _a004.22 |
||
| 100 |
_aGoyal, Sweety & SindWani, Dinesh _94062 |
||
| 245 | _aComputer Organisation With Architecture | ||
| 260 |
_bKatson _c2012 |
||
| 300 | _a224 | ||
| 650 |
_aInformation Technology _9137 |
||
| 942 | _cBK | ||
| 999 |
_c4947 _d4945 |
||